| 000 | 00665cam a22001935a 4500 | ||
|---|---|---|---|
| 020 | _a0891414991 | ||
| 020 | _a0891415181 (pbk.) | ||
| 082 | 0 | 0 |
_a355.42 _bHOO _cD |
| 245 | 0 | 0 |
_aManeuver warfare : _ban anthology / _ceditor, Richard D. Hooker, Jr. ; foreword by John R. Galvin. |
| 260 |
_aNovato, CA : _bPresidio Press, _cc1993. |
||
| 300 |
_axiv, 409 p. : _bill. ; _c23 cm. |
||
| 526 |
_a0 _b0 _c0 _d355_420000000000000_HOO |
||
| 526 |
_a0 _b0 _c0 _d355_420000000000000_HOO |
||
| 526 |
_a0 _b0 _c0 _d355_420000000000000_HOO |
||
| 526 |
_a0 _b0 _c0 _d355_420000000000000_HOO |
||
| 650 | 0 |
_aManeuver warfare. _948807 |
|
| 700 | 1 |
_aHooker, Richard D. _948808 |
|
| 942 |
_2ddc _cBK |
||
| 999 |
_c551668 _d551668 |
||